Introduction à l'Asie

En entreprenant de redonner vie a ces ouvrages au travers d'une collection de livres reimprimes a la demande, nous leur donnons la possibilite de rencontrer un public elargi et participons a la transmission de connaissances et de savoirs parfois difficilement accessibles.

Spremljeno u:
Bibliografski detalji
Glavni autor: Herbert, Jean
Format: Knjiga
Jezik:Undetermined
Izdano: Paris Michel 1960
Oznake: Dodaj oznaku
Bez oznaka, Budi prvi tko označuje ovaj zapis!
Thư viện lưu trữ: Trung tâm Học liệu Trường Đại học Cần Thơ
LEADER 00703nam a2200181Ia 4500
001 CTU_219084
008 210402s9999 xx 000 0 und d
082 |a 950 
082 |b H536 
100 |a Herbert, Jean 
245 0 |a Introduction à l'Asie 
245 0 |c Jean Herbert 
260 |a Paris 
260 |b Michel 
260 |c 1960 
520 |a En entreprenant de redonner vie a ces ouvrages au travers d'une collection de livres reimprimes a la demande, nous leur donnons la possibilite de rencontrer un public elargi et participons a la transmission de connaissances et de savoirs parfois difficilement accessibles. 
904 |i Trúc 
980 |a Trung tâm Học liệu Trường Đại học Cần Thơ